MARC details
| 000 -LEADER |
| fixed length control field |
01918nam a2200433 a 4500 |
| 001 - CONTROL NUMBER |
| control field |
vtls000294556 |
| 003 - CONTROL NUMBER IDENTIFIER |
| control field |
NLI |
| 005 - DATE AND TIME OF LATEST TRANSACTION |
| control field |
20210602131805.0 |
| 008 - FIXED-LENGTH DATA ELEMENTS--GENERAL INFORMATION |
| fixed length control field |
101203s1976 nyu 101 0 eng |
| 020 ## - INTERNATIONAL STANDARD BOOK NUMBER |
| International Standard Book Number |
0306390698 |
| 039 #9 - LEVEL OF BIBLIOGRAPHIC CONTROL AND CODING DETAIL [OBSOLETE] |
| -- |
201012031945 |
| -- |
VLOAD |
| 040 0# - CATALOGING SOURCE |
| Original cataloging agency |
NLI |
| Language of cataloging |
eng |
| Transcribing agency |
VERGIS-2010 |
| Description conventions |
AACR2 |
| 041 0# - LANGUAGE CODE |
| Language code of text/sound track or separate title |
eng |
| 044 ## - COUNTRY OF PUBLISHING/PRODUCING ENTITY CODE |
| MARC country code |
nyu |
| 082 04 - DEWEY DECIMAL CLASSIFICATION NUMBER |
| Classification number |
612.8 |
| 111 2# - MAIN ENTRY--MEETING NAME |
| Meeting name or jurisdiction name as entry element |
Satellite Symposium of the International Society for Neurochemistry |
| Date of meeting or treaty signing |
(September 9-11,1975 : |
| Location of meeting |
Padua, Italy) |
| 9 (RLIN) |
455436 |
| 245 10 - TITLE STATEMENT |
| Title |
Transport phenomena in the nervous system : |
| Remainder of title |
physiological and pathological aspects : |
| -- |
proceedings of the satellite symposium of the International Society for Neurochemistry held in Padua, Italy, September 9-11, 1975 / |
| Statement of responsibility, etc. |
edited by Giulio Levi, Leontino Battistin, Abel Lajtha |
| 260 ## - PUBLICATION, DISTRIBUTION, ETC. |
| Place of publication, distribution, etc. |
New York : |
| Name of publisher, distributor, etc. |
Plenum Press, |
| Date of publication, distribution, etc. |
c1976 |
| 300 ## - PHYSICAL DESCRIPTION |
| Extent |
xxii, 541 p. ; |
| Dimensions |
26 cm. |
| 440 #0 - SERIES STATEMENT/ADDED ENTRY--TITLE |
| Title |
Advances in experimental medicine and biology ; |
| Volume/sequential designation |
v. 69 |
| 9 (RLIN) |
407967 |
| 500 ## - GENERAL NOTE |
| General note |
Includes index |
| 650 #0 - SUBJECT ADDED ENTRY--TOPICAL TERM |
| Topical term or geographic name entry element |
Neurochemistry |
| Form subdivision |
Congresses |
| 9 (RLIN) |
413715 |
| 650 #0 - SUBJECT ADDED ENTRY--TOPICAL TERM |
| Topical term or geographic name entry element |
Biological transport |
| Form subdivision |
Congresses |
| 9 (RLIN) |
414454 |
| 650 #0 - SUBJECT ADDED ENTRY--TOPICAL TERM |
| Topical term or geographic name entry element |
Blood-brain barrier |
| Form subdivision |
Congresses |
| 9 (RLIN) |
455437 |
| 650 #0 - SUBJECT ADDED ENTRY--TOPICAL TERM |
| Topical term or geographic name entry element |
Nervous system |
| General subdivision |
Diseases |
| Form subdivision |
Congresses |
| 9 (RLIN) |
24115 |
| 650 #0 - SUBJECT ADDED ENTRY--TOPICAL TERM |
| Topical term or geographic name entry element |
Neurophysiology |
| Form subdivision |
Congresses |
| 9 (RLIN) |
334762 |
| 650 #0 - SUBJECT ADDED ENTRY--TOPICAL TERM |
| Topical term or geographic name entry element |
Nervous system |
| General subdivision |
Pathology |
| Form subdivision |
Congresses |
| 9 (RLIN) |
455438 |
| 650 #0 - SUBJECT ADDED ENTRY--TOPICAL TERM |
| Topical term or geographic name entry element |
Neural transmission |
| Form subdivision |
Congresses |
| 9 (RLIN) |
413717 |
| 700 1# - ADDED ENTRY--PERSONAL NAME |
| Personal name |
Levi, Giulio, |
| Dates associated with a name |
1937-, |
| Relationship |
edt |
| 9 (RLIN) |
455439 |
| 700 1# - ADDED ENTRY--PERSONAL NAME |
| Personal name |
Battistin, Leontino, |
| Dates associated with a name |
1939-, |
| Relationship |
edt |
| 9 (RLIN) |
455440 |
| 700 1# - ADDED ENTRY--PERSONAL NAME |
| Personal name |
Lajtha, Abel, |
| Relationship |
edt |
| 9 (RLIN) |
455441 |
| 710 2# - ADDED ENTRY--CORPORATE NAME |
| Corporate name or jurisdiction name as entry element |
International Society for Neurochemistry |
| 9 (RLIN) |
455442 |
| 887 ## - NON-MARC INFORMATION FIELD |
| Content of non-MARC field |
|
| 901 ## - LOCAL DATA ELEMENT A, LDA (RLIN) |
| a |
429010 |
| b |
07.11.1976 |
| 902 ## - LOCAL DATA ELEMENT B, LDB (RLIN) |
| a |
E/O 612.8 In 8 |
| 949 ## - LOCAL PROCESSING INFORMATION (OCLC) |
| -- |
VIRTUAITEM |
| -- |
10000 |
| -- |
100 |
| 6 |
PUR000429010ENG |
| 942 ## - ADDED ENTRY ELEMENTS (KOHA) |
| Source of classification or shelving scheme |
Dewey Decimal Classification |
| Koha item type |
Books |